Statistics for Codeword Puzzle #10 - Map Quiz

Click here to take the quiz!

General Stats

  • This quiz has been taken 79 times
  • The average score is 14 of 26

Answer Stats

Answer % Correct
A
94%
I
89%
R
89%
V
51%
N
51%
S
51%
E
51%
L
49%
P
49%
Z
49%
D
49%
B
49%
C
49%
F
46%
H
46%
U
46%
Y
46%
X
46%
G
46%
Q
46%
J
46%
O
46%
T
46%
K
46%
W
43%
M
43%

Score Distribution

Percentile by Number Answered

Percent of People with Each Score

Your Score History

You have not taken this quiz